Ethics/ (Record no. 591716)

000 -LEADER
fixed length control field 00463nam a22001337a 4500
020 ## - INTERNATIONAL STANDARD BOOK NUMBER
International Standard Book Number 9787100011631
082 ## - DEWEY DECIMAL CLASSIFICATION NUMBER
Classification number 170
Author Mark SPI
100 ## - MAIN ENTRY--PERSONAL NAME
Personal name Spinoza, Benedictus de
245 ## - TITLE STATEMENT
Title Ethics/
Remainder of title Chinese Translation of World Academic Famous Books (Chinese Edition) /
Statement of responsibility, etc. Benedictus de Spinoza
260 ## - PUBLICATION, DISTRIBUTION, ETC.
Place of publication, distribution, etc. New York :
Name of publisher, distributor, etc. Oxford University Press,
Date of publication, distribution, etc. 2016.
300 ## - PHYSICAL DESCRIPTION
Extent 269 p. ;
Dimensions 20 cm.
880 ## - ALTERNATE GRAPHIC REPRESENTATION
Linkage 245-02\r
Title 伦理学/汉译世界学术名著丛书 /
942 ## - ADDED ENTRY ELEMENTS (KOHA)
Source of classification or shelving scheme
Koha item type Book
Holdings
Withdrawn status Lost status Source of classification or shelving scheme Damaged status Not for loan Permanent Location Current Location Shelving location Date acquired Source of acquisition Total Checkouts Full call number Barcode Date last seen Price effective from Koha item type
          Central Library (CL) Central Library (CL) Chinese Studies 10/12/2022 Donated by China Embassy   170 SPI CL-D-2075 10/12/2022 10/12/2022 Book
© 2023 Central Library, National University of Sciences and Technology. All Rights Reserved.